[Event "Ruhrgebiet Verbandsklasse Gruppe 1 1516"]
[Site "Germany"]
[Date "2015.12.20"]
[Round "5.8"]
[White "Block, Frank"]
[Black "Pospieszny, Philipp"]
[Result "1-0"]
[WhiteElo "1807"]
[BlackElo "1383"]
[PlyCount "81"]
[EventDate "2015.09.06"]
[EventType "team-tourn"]
[EventRounds "9"]
[EventCountry "GER"]
[SourceTitle "EXT 2022"]
[Source "ChessBase"]
[SourceDate "2021.10.06"]
[SourceVersion "1"]
[SourceVersionDate "2021.10.06"]
[SourceQuality "1"]
[WhiteTeam "Recklinghausen Altstadt"]
[BlackTeam "Borbeck Weisse Dame II"]
[WhiteTeamCountry "GER"]
[BlackTeamCountry "GER"]

1. e4 e5 2. Bc4 Nf6 3. d3 g6 4. Nc3 Bg7 5. Bg5 h6 6. Bh4 g5 7. Bg3 d6 8. h4 g4 9. h5 Nh7 10. Nge2 f5 11. Bh4 Bf6 12. Bxf6 Nxf6 13. exf5 Bxf5 14. Ng3 Bd7 15. Nce4 Nxe4 16. dxe4 Nc6 17. c3 Qf6 18. b4 Rf8 19. 0-0 a6 20. a4 Ne7 21. Be2 Qg5 22. c4 a5 23. c5 dxc5 24. bxc5 c6 25. Rb1 Ra7 26. Qd6 Nc8 27. Qd3 Qe7 28. Rbd1 Rf7 29. Qc3 Kf8 30. Rd2 b6 31. cxb6 Nxb6 32. Qe3 Nc8 33. Qxh6+ Kg8 34. Bc4 Nb6 35. Bxf7+ Qxf7 36. Qg5+ Kh7 37. Rd6 Qg7 38. Rg6 Qf8 39. Nf5 Bxf5 40. exf5 Rg7 41. f6 1-0